On my block quiz - Statistics

General Stats
  • This quiz has been taken 320 times
  • The average score is 12 of 15
Answer Stats
Hint Answer % Correct
How many season of on my block is there? 4
100%
Which character finds that money? Jamal
91%
What is the name of the main female character? Monse
91%
Which character got shot and killed at the end of season 1? Olivia
89%
What is the name of the leader of the main gang? Oscar
89%
What is Ruby's actual name? Ruben
89%
Which character has an on and off relationship with the person above? Cesar
88%
What is the name of the gang? The Santos
87%
What is the name of the money that is hidden? Rollerworld
83%
What is the name of the character that Ruby falls in love with after season 1? Jasmine
78%
What is the name of the place where they live? Freeridge
76%
Which character dies of cancer at the end of season 4? Marisol
70%
Who is the gangs rival gang? The Prophets
70%
Who was the one that shot her? Latrelle
67%
What is the name of the last episode? The final chapter
43%
No matching quizzes found
Score Distribution
Percent of People with Each Score
Percentile by Number Answered
Your Score History
You have not taken this quiz